| 000 | 00759nam a22002657a 4500 | ||
|---|---|---|---|
| 001 | 7906 | ||
| 003 | FISKH | ||
| 005 | 20250813114813.0 | ||
| 008 | 250813b cb ||||| |||| 00| 0 eng d | ||
| 020 | _a9780395610800 | ||
| 040 |
_aFISKH _beng _cFISKH _dFISKH |
||
| 050 | _aPE1119.D74 | ||
| 082 | _a809 | ||
| 100 | _aPikulski, John J. | ||
| 245 |
_aDream a story / _cBy John J. Pikulski |
||
| 260 |
_aBoston : _bHoughton Mifflin Company , _c1991. |
||
| 300 |
_a159 pages : _bcolor illustrations ; _c28 cm . |
||
| 505 | _aH | ||
| 521 | 8 |
_a450
_bLexile estimate |
|
| 521 | 8 |
_aH
_bRaz-Plus |
|
| 650 |
_aShort stories _vFiction and Literature |
||
| 700 |
_aBarrera, Rosalinda B. _eIllustrator |
||
| 942 |
_2ddc _cBK _n0 |
||
| 999 |
_c7906 _d7906 |
||